000 00432nam a2200205Ia 4500
001 11969
003 GE_BSU
008 181216s||||||||xx |||||||||||||| ||und||
020 _a9781847392480
040 _cGE_BSU
080 _a821.111-32
100 _aNewman,Ruth
245 _aTwisted wing
260 _aLondon
260 _bPocket books.
260 _c2008.
300 _a368p;20cm.
653 _aTwisted wing
942 _cBK
999 _c45146
_d45146